| 000 | 00530nam a22001937a 4500 | ||
|---|---|---|---|
| 003 | OSt | ||
| 005 | 20240430165509.0 | ||
| 008 | 240430b |||||||| |||| 00| 0 eng d | ||
| 020 | _a052138866-X | ||
| 040 | _cDDC | ||
| 082 | _a537.6 CAR 1985 | ||
| 100 | _4Carroll J.E | ||
| 245 | _aRate Equations in Semiconductor Electronics | ||
| 260 |
_aNew York _bUniversity of Cambridge Press _c1985 |
||
| 300 |
_axii;177p, _bill, _c22.8cm |
||
| 504 | _aAppendixes, References and Index | ||
| 650 |
_aPhysics _9809 |
||
| 942 |
_2ddc _cO_SHELF |
||
| 999 |
_c8317 _d8317 |
||